000 00256nam a22001217a 4500
003 SGT
082 _a617.51
_bO13K
100 _aKIRTANE,MILIND V
245 _aOTOLOGY AND NEUROTOLOGY
260 _aNEW YORK
_bTHIEME
_c2013
300 _a498
942 _2ddc
_cBK
999 _c14407
_d14407